Holiday Quiz

Random Holiday or Famous Quiz

Fictional Rabbits & Bunnies Quiz Stats

 Plays Quiz Updated Apr 19, 2017

Support Sporcle.
Go Orange.
Score 0/12 Timer 04:00
1 Play Today
% Correct
Bugs Bunny
98.5%
Playboy Bunny
93.5%
Thumper
85%
Peter Rabbit
82.7%
Jessica Rabbit
79.5%
Roger Rabbit
78.2%
Energizer Bunny
75.6%
The White Rabbit
66%
Trix Rabbit
62.7%
Nesquik Bunny
58.9%
Judy Hopps
57.8%
Babs Bunny
32.3%

You're not logged in!

Compare scores with friends on all Sporcle quizzes.
OR
Log In

From the Vault

Crossword Blackout! IX

by hockeystix3

Even more challenging than a Crossword Brownout.
Remove Ads.
Support Sporcle.
Get the best of Sporcle when you Go Orange. This ad-free experience offers more features, more stats, and more fun while also helping to support Sporcle. Thank you for becoming a member.

Show Comments

Extras

Top Quizzes Today


Score Distribution

Your Account Isn't Verified!

In order to create a playlist on Sporcle, you need to verify the email address you used during registration. Go to your Sporcle Settings to finish the process.

Report this User

Report this user for behavior that violates our Community Guidelines.

Details: